00295nam a2200109Ia 4500008004100000041000800041082001700049100001100066245005900077260003000136300001900166241028s9999 xx 000 0 und d aeng a658.4092 YAN aYan Li aExpatriate Managers Adaption And Knowledge Acquisition bSpringeraSingaporec2016 a252;. P. 23 cm